טוען...

Plays two /

מידע ביבליוגרפי
מחבר ראשי: Hare, David, 1947-
פורמט: Printed Book
שפה:English
יצא לאור: London ; Boston : Faber and Faber, c1997.
נושאים:
LEADER 00642 a2200169 4500
008 150103s9999 000 0 eng
020 |a 0571178359 
082 0 0 |a 822.914  
100 1 |a Hare, David, 1947- 
245 1 0 |a Plays two / 
260 |a London ;  |a Boston :  |b Faber and Faber,  |c c1997. 
300 |a xvii, 479 p.  
505 0 |a Fanshen -- A map of the world -- Saigon, year of the cat -- The bay at Nice -- The secret rapture. 
650 |a English drama. 
942 |c BK 
999 |c 302142  |d 302142 
952 |0 0  |1 0  |2 ddc  |4 0  |6 822_914000000000000_HAR_DA_2  |7 0  |9 345553  |a DRA  |b DRA  |c ST1  |d 2010-09-30  |i 7307  |l 0  |o 822.914 HAR/DA.2  |p DRA7307  |r 2019-01-03  |w 2019-01-03  |y BK